000 00596nam a2200193 i 4500
001 65127
003 ES-MaACL
005 20230906165313.0
007 t|
008 040108s1976 sp ||||1| spa d
100 1 _aFraisse, Paul.
_952120
245 1 0 _aPsicología del ritmo /
_cPaul Fraisse ; [versión de Dolores Blasco ; revisión, Gonzalo Gonzalvo].
260 _aMadrid :
_bMorata,
_c[1976]
300 _a230 p. ;
_c21 cm.
650 0 4 _aPercepción del tiempo.
_915931
700 1 _aBlasco, Dolores.
_929367
700 1 _aGonzalvo, Gonzalo.
_959068
852 _aES-MaACL
_jA-6028
_bR.94657
999 _c65127
_d65127